Dolgozatok a Magyar Királyi Ferencz József Tudományegyetem Archaeologiai Intézetéből XII.

Elmentve itt :
Bibliográfiai részletek
Dokumentumtípus: Folyóirat
Megjelent: 1936
Sorozat:Dolgozatok a Magyar Királyi Ferencz József Tudományegyetem Archaeologiai Intézetéből 12
Kulcsszavak:Régészet - leletek
Online Access:http://acta.bibl.u-szeged.hu/36784
LEADER 00654nas a2200169 i 4500
001 acta36784
005 20210916103708.0
008 161201s1936 hu o 0|| hun d
040 |a SZTE Egyetemi Kiadványok Repozitórium  |b hun 
041 |a hun 
041 |a ger 
245 0 0 |a Dolgozatok a Magyar Királyi Ferencz József Tudományegyetem Archaeologiai Intézetéből XII.  |h [elektronikus dokumentum] 
260 |c 1936 
300 |a 290 
490 0 |a Dolgozatok a Magyar Királyi Ferencz József Tudományegyetem Archaeologiai Intézetéből  |v 12 
695 |a Régészet - leletek 
856 4 0 |u http://acta.bibl.u-szeged.hu/36784/1/dolgozatok_1936.pdf  |z Dokumentum-elérés